| 000 | 00682nam a22002057a 4500 | ||
|---|---|---|---|
| 001 | BD-DhSAU 9921 | ||
| 003 | BD-DhSAU | ||
| 005 | 20150625123324.0 | ||
| 008 | 150224b20041996bg ||||r|||| 00| 0 d | ||
| 020 | _a9843204816 | ||
| 040 | _aBD-DhSAU | ||
| 082 |
_222 _a৮৯১.৪৪১ _bরশিকা |
||
| 100 | _aরশিদ, আ ফ ম আবদুর | ||
| 245 |
_aআ ফ ম আবদুর রশিদ / _cআ ফ ম আবদুর রশিদ |
||
| 260 |
_aঢাকা : _bগাঙচিল প্রকাশন , _c২০০৪. |
||
| 300 |
_a৬৭৪ পৃ. : _c২২ সে মি। |
||
| 590 | _aerfat | ||
| 650 | _aকবিতা | ||
| 942 |
_2ddc _cBOOK |
||
| 999 |
_c9921 _d9920 |
||